Cities with Higher Wikipedia Page Views than Their Capital Cities - Statistics

General Stats
  • This quiz has been taken 350 times
    332 since last reset
  • The average score is 24 of 42
Answer Stats
City's Views/Month Capital's Views/Month % Correct
1326K 693K New York City
97%
760K 693K Los Angeles
93%
354K 352K Shanghai
93%
345K 165K Rio de Janeiro
92%
285K 165K Sydney
88%
294K 165K São Paulo
87%
361K 180K Toronto
87%
597K 160K Istanbul
86%
411K 255K Mumbai
85%
1004K 352K Hong Kong
84%
519K 387K Barcelona
83%
231K 165K Melbourne
81%
298K 180K Montreal
80%
295K 180K Vancouver
78%
176K 46K/100K Johannesburg
75%
151K 65K Lagos
70%
142K 105K Auckland
69%
653K 231K Dubai
67%
139K 94K Karachi
66%
255K 175K Ho Chi Minh City
63%
216K 146K Zürich
63%
195K 81K Casablanca
61%
342K 158K Mecca
60%
677K 676K Saint Petersburg
60%
231K 146K Geneva
59%
101K 94K Lahore
58%
397K 352K Macau
53%
72K 24K Dar es Salaam
47%
153K 81K Marrakesh
46%
161K 158K Medina
45%
79K 63K Yangon
44%
64K 24K Abidjan
37%
96K 81K Tangier
35%
76K 32K Colombo
28%
63K 46K Durban
25%
56K 42K Santa Cruz de la Sierra
21%
143K 142K Dubrovnik
18%
26K 17K Belize City
15%
22K 10K Bujumbura
15%
24K 16K Cotonou
11%
116K 48K Timbuktu
11%
146K 127K Samarkand
10%
No matching quizzes found
Score Distribution
Percent of People with Each Score
Percentile by Number Answered
Your Score History
You have not taken this quiz since the last reset